000 01254cam a22003618i 4500
999 _c4848
_d4848
001 228773
003 GBCCL
005 20241126110528.0
008 121031s2012 miu b 000 0deng
010 _a 2012036694
020 _a9780825429361
020 _a0825429366
035 _a(OCoLC)ocn776494773
035 _a(OCoLC)776494773
040 _aDLC
_beng
_erda
_cDLC
_dBTCTA
_dBDX
_dOCLCO
_dYDXCP
_dCNTCS
_dLBB
042 _apcc
049 _aLBBK
050 0 0 _aBS2506.3
_b.K54 2012
082 0 0 _a225.92
_223
_bKIE
090 _aBS2506.3
_b.K54 2012
100 1 _aKierspel, Lars,
_d1972-
_98833
245 1 0 _aCharts on the life, letters, and theology of Paul /
_cLars Kierspel.
264 1 _aGrand Rapids, MI :
_bKregel Publications,
_c2012.
300 _a284 pages :
_billustrations, charts ;
_c28 cm.
336 _atext
_2rdacontent
337 _aunmediated
_2rdamedia
338 _avolume
_2rdacarrier
504 _aIncludes bibliographical references.
600 0 0 _aPaul,
_cthe Apostle, Saint
_vCharts, diagrams, etc.
_98834
630 0 0 _aBible.
_pN.T.
_pEpistles of Paul
_xCriticism, interpretation, etc.
_vCharts, diagrams, etc.
_98835
630 0 0 _aBible.
_pN.T.
_pEpistles of Paul
_xTheology
_vCharts, diagrams, etc.
_98836
942 _2ddc
_cBK
_015